| 000 | 00343nam a22001337a 4500 | ||
|---|---|---|---|
| 008 | 251106b |||||||| |||| 00| 0 eng d | ||
| 020 | _aB81582703448A | ||
| 082 | _a346.54052 EBC | ||
| 100 | _aEastern Book Company | ||
| 245 | _aSuccession Act, 1925 | ||
| 260 |
_aNew Delhi _bEastern Book Company _c2024 |
||
| 300 | _aiv 137 pages | ||
| 942 | _cC | ||
| 999 |
_c64026 _d64026 |
||